000 00422nam a2200181Ia 4500
001 1217
005 20260306140615.0
008 260306t1969||||xx |||||||||||||| ||spa||
041 _aESP
082 _a189.4
_bC266
100 _aCopleston, F. C.
_eAUT
245 0 _aEl pensamiento de Santo Tomás
260 _c1969
300 _a295 páginas :
_c17 cm.
650 _aGEN
654 _aCHU
942 _cLIB
_dJUS
_fJUS
_2ddc
_n
999 _c1217
_d1217